000 01670cam a2200397 a 4500
001 000013211
005 20200929163151.0
008 890905s1988 ck ab b 001 0cspa d
020 _a9586430421
020 _a9586430413 (pbk.)
040 _aDO-SdBNP
_cDLC
_dDLC
043 _as-ck---
050 0 0 _aF2273
_b.A15 1988
082 _annn
_bA174c, 1988
100 1 _aAcevedo Latorre, Eduardo
_d1907-1981.
_930312
245 1 0 _aColaboradores de Santander en la organizacion de la republica /
_cEduardo Acevedo Latorre ; prólogo David Bushnell.
250 _a2a ed. rev.
260 _aBogotá :
_bFundación para la Conmemoración del Bicentenario del Natalicio y el Sesquicentenario de la Muerte del General Francisco de Paula Santander,
_c1988.
300 _axv, 487 p. :
_bil., mapas ;
_c25 cm.
490 1 _aBiblioteca de la Presidencia de la República
490 1 _amonográfica
500 _aPuertos. en los documentos de revestimiento.
500 _a"Monográfica" - chaqueta.
504 _aIncludes bibliographical references.
600 1 0 _aSantander, Francisco de Paula,
_d1792-1840
_xFriends and associates.
_930313
651 0 _aColombia
_xHistory
_y19th century
_xBiography.
_930314
651 0 _aColombia
_xPolitics And Government
_y1819-1831
_xSources.
_930315
651 0 _aColombia
_xPolitics And Government
_y1832-1858
_xSources.
_930316
650 0 _aPoliticians
_zColombia
_xBiography.
_930317
700 1 _aBushnell, David
_epról.
_930318
740 0 _aMonografica.
830 0 _aBiblioteca de la Presidencia de la República ;
_pmonográfica
_930319
910 _aCatalogación por copia / LC
082 0 0 _a986.1/05/092
_220
049 _aBNGR
999 _c12847
_d12847